PHARMACEUTICS -I (Record no. 6014)

MARC details
000 -LEADER
fixed length control field 00427nam a22001577a 4500
005 - DATE AND TIME OF LATEST TRANSACTION
control field 20240110133811.0
008 - FIXED-LENGTH DATA ELEMENTS--GENERAL INFORMATION
fixed length control field 190918b xxu||||| |||| 00| 0 eng d
020 ## - INTERNATIONAL STANDARD BOOK NUMBER
ISBN 81-256-0094-9
041 ## - LANGUAGE CODE
Language code of text/sound track or separate title eng
100 ## - MAIN ENTRY--AUTHOR NAME
Personal name SHARMA, DR, NIRMAL AND SHARMA, DR. YOGESHWAR
245 ## - TITLE STATEMENT
Title PHARMACEUTICS -I
Statement of responsibility, etc DR,NIRMAL SHARMA AND DR, YOGESHWAR
260 ## - PUBLICATION, DISTRIBUTION, ETC. (IMPRINT)
Place of publication DELHI
Name of publisher TARA PUBLISHERS
300 ## - PHYSICAL DESCRIPTION
Number of Pages 200 P.
650 ## - SUBJECT ADDED ENTRY--TOPICAL TERM
Topical Term PHARMACY
942 ## - ADDED ENTRY ELEMENTS (KOHA)
Koha item type Books
Holdings
Lost status Damaged status Collection code Home library Current library Shelving location Date acquired Source of acquisition Cost, normal purchase price Full call number Accession Number Koha item type
    PHARMACY JRU Library JRU Library Shelf - 23- B 18/09/2019 PURCHESS 120.00 615.1 23587 Books
    PHARMACY JRU Library JRU Library Shelf - 23- B 18/09/2019 PURCHESS 120.00 615.1 23588 Books
    PHARMACY JRU Library JRU Library Shelf - 23- B 18/09/2019 PURCHESS 120.00 615.1 23589 Books
    PHARMACY JRU Library JRU Library Shelf - 23- B 18/09/2019 PURCHESS 120.00 615.1 23590 Books